Pokémon - Tous les Pokémon (Cinquième génération) - Statistiques

Statistiques générales
  • Ce quiz a été pris 22 fois
  • Le résultat moyen est 94 sur 156
Statistiques - réponses
Numéro Pokémon % Correct
503 Clamiral
100%
499 Grotichon
100%
498 Gruikui
100%
501 Moustillon
100%
496 Lianaja
94%
500 Roitiflam
94%
495 Vipélierre
94%
521 Déflaisan
88%
502 Mateloutre
88%
519 Poichigeon
88%
494 Victini
88%
509 Chacripan
81%
520 Colombeau
81%
541 Couverdure
81%
647 Keldeo
81%
646 Kyurem
81%
540 Larveyette
81%
510 Léopardus
81%
497 Majaspic
81%
542 Manternel
81%
505 Miradar
81%
504 Ratentif
81%
643 Reshiram
81%
644 Zekrom
81%
641 Boréas
75%
527 Chovsourir
75%
553 Crocorible
75%
645 Démétéros
75%
552 Escroco
75%
511 Feuillajou
75%
512 Feuilloutan
75%
513 Flamajou
75%
515 Flotajou
75%
516 Flotoutan
75%
642 Fulguris
75%
551 Mascaïman
75%
508 Mastouffe
75%
517 Munna
75%
518 Mushana
75%
507 Ponchien
75%
506 Ponchiot
75%
576 Sidérella
75%
639 Terrakium
75%
562 Tutafeh
75%
563 Tutankafer
75%
640 Viridium
75%
621 Drakkarmin
69%
514 Flamoutan
69%
649 Genesect
69%
525 Géolithe
69%
526 Gigalithe
69%
538 Judokrak
69%
539 Karaclée
69%
648 Méloetta
69%
524 Nodulithe
69%
637 Pyrax
69%
528 Rhinolove
69%
522 Zébibron
69%
523 Zéblitz
69%
567 Aéroptéryx
63%
566 Arkéapti
63%
634 Diamat
63%
546 Doudouvet
63%
547 Farfaduvet
63%
607 Funécire
63%
609 Lugulabre
63%
578 Méios
63%
577 Nucléos
63%
574 Scrutella
63%
633 Solochi
63%
579 Symbios
63%
602 Anchwatt
56%
559 Baggiguane
56%
534 Bétochef
56%
532 Charpenti
56%
610 Coupenotte
56%
561 Cryptéro
56%
555 Darumacho
56%
554 Darumarond
56%
597 Grindur
56%
615 Hexagel
56%
565 Mégapagos
56%
575 Mesmérella
56%
531 Nanméouïe
56%
598 Noacier
56%
604 Ohmassacre
56%
533 Ouvrifier
56%
636 Pyronille
56%
612 Tranchodon
56%
635 Trioxhydre
56%
571 Zoroark
56%
631 Aflamanoir
50%
560 Baggaïd
50%
550 Bargantua
50%
536 Batracné
50%
564 Carapagos
50%
572 Chinchidou
50%
548 Chlorobule
50%
600 Clic
50%
601 Cliticlic
50%
537 Crapustule
50%
587 Emolga
50%
616 Escargaume
50%
632 Fermite
50%
549 Fragilady
50%
586 Haydaim
50%
581 Lakmécygne
50%
603 Lampéroie
50%
617 Limaspeed
50%
608 Mélancolux
50%
530 Minotaupe
50%
593 Moyade
50%
573 Pashmilla
50%
614 Polagriffe
50%
529 Rototaupe
50%
582 Sorbébé
50%
584 Sorbouboul
50%
583 Sorboul
50%
599 Tic
50%
535 Tritonde
50%
543 Venipatte
50%
592 Viskuse
50%
570 Zorua
50%
545 Brutapode
44%
580 Couaneton
44%
591 Gaulet
44%
628 Gueriaigle
44%
611 Insisache
44%
589 Lançargot
44%
618 Limonde
44%
556 Maracachi
44%
569 Miasmax
44%
596 Mygavolt
44%
613 Polarhume
44%
624 Scalpion
44%
625 Scalproie
44%
544 Scobolide
44%
595 Statitik
44%
585 Vivaldaim
44%
588 Carabing
38%
638 Cobaltium
38%
558 Crabaraque
38%
557 Crabicoque
38%
626 Frison
38%
627 Furaiglon
38%
623 Golemastoc
38%
622 Gringolem
38%
619 Kungfouine
38%
605 Lewsor
38%
568 Miamiasme
38%
620 Shaofouine
38%
590 Trompignon
38%
630 Vaututrice
38%
629 Vostourno
38%
606 Neitram
31%
594 Mamanbo
25%
Aucun quiz correspondant
Distribution des résultats
% des personnes avec chaque résultat
Percentile par nombre de réponses
Votre historique - résultats
Vous n’avez pas pris ce quiz